| 000 | 00473nam a2200145 a 4500 | ||
|---|---|---|---|
| 001 | 000033035 | ||
| 005 | 20200930070003.0 | ||
| 008 | 110808s1923 dr 000 0 spa d | ||
| 040 |
_aDO-SdBNP _bspa _cBNPHU |
||
| 110 | 1 |
_aGran logíca Nacional _958738 |
|
| 245 | 1 | 0 | _aEstatuto de delitos, faltas y penas y del procedimiento que debe seguirse en los juicios masonicos. |
| 260 |
_aSanto Domingo : _bGran logíca Nacional, _c1923. |
||
| 300 |
_a17 p. ; _c23 cm. |
||
| 049 | _aBNPD | ||
| 999 |
_c32526 _d32526 |
||